000 00593cam a22002053a 4500
001 45490
003 PGUSA
005 20140828084043.0
008 140425s2014||||xxu|||||s|||||000 | eng d
040 _aPGUSA
_beng
042 _adc
100 1 _aMcAlister, Hugh
245 1 0 _aStand By :
_bThe Story of a Boy's Achievement in Radio
_h[electronic resource] /
_cHugh McAlister
260 _bProject Gutenberg,
_c2014
506 _aPublic domain in the USA.
516 _aElectronic text
830 0 _aProject Gutenberg
_v45490
856 4 0 _uhttp://www.gutenberg.org/ebooks/45490
942 _cEB
999 _c274741
_d274741